000 01036cam a22003377a 4500
003 CHAP
005 20220817043539.0
008 990607s1995 it a rn 00010 eng d
010 _a78162
011 _a79134
020 _a9251036845
035 _a89288
040 _cCHAP
082 0 4 _a634.98
_bF3 v.2
110 2 _aFAO
245 1 0 _aGum naval stores : turpentine and rosin from pine resin
_c/by J.J.W Coppen and G.A. Hone
260 _aRome :
_bFAO,
_c1995.
300 _a62 p. :
_bilus.
490 0 _aFAO. Productos forestales no madereros
_v; 2
590 _aBATCH-UPD
_b10
_c20130110
_lUCH01
_h0807
590 _aCONVERSION
_b10
_c20130109
_lUCH01
_h1343
650 4 _aGomas y resinas.
_948606
650 4 _aTrementina.
_9114813
700 0 _aCoppen, J.J.W.
_927892
700 0 _aHone, G.A.
_956079
830 0 _aFAO. Productos forestales no madereros
_v; 2
_939663
901 _aBK
905 _aLilia Sánchez G.
942 _cLIBRO
949 _a634.98 F3 v.2
_bBC
_cFAO
_d33724000726378
_eFAO1
_h95608
_i89288
_kDonaciØn
_sb
999 _c78162
_d78162